Matematická analýza 2

Na minha lista:
Detalhes bibliográficos
Formato: Livro
Idioma:eslovaco
Publicado em: Bratislava Univerzita Komenského 1992
Edição:2. nezm. vyd.
Tags: Adicionar Tag
Sem tags, seja o primeiro a adicionar uma tag!

MARC

LEADER 00000nam a2200000 4500
001 c003844
005 20260327071020.5
020 |a 80-223-0051-9 
041 0 |a slo 
044 |a SK 
245 1 0 |a Matematická analýza 2  |c Tibor Neubrunn, Jozef Vencko 
250 |a 2. nezm. vyd. 
264 1 |a Bratislava  |b Univerzita Komenského  |c 1992 
300 |a 166 s.